000 00927nam a2200253 a 4500
001 55167
003 BD-RjUL
005 20211209080226.0
008 161114s1969 bg ||||| |||| 00| 0 ben d
020 _c: PRs.4.00
035 _a(BD-RjUL)55289
040 _aBD-RjUL
_bben/eng
_cBD-RjUL
_dBD-RjUL
041 _aben
082 _223
_a915.1
_bKHP 1969
100 _aখালেক, মুহম্মদ আবদুল
_9116670
245 1 0 _aপদ্মা থেকে ইয়াংসি /
_cমুহম্মদ আবদুল খালেক
250 _a১ম সং.
260 _aঢাকা :
_bনওরোজ কিতাবিস্তান,
_c১৯৬৯
300 _a১৬৯ পৃ. ;
_c২১ সেমি.
600 _c
_9244529
651 _aচীন
_xবর্ণনা এবং ভ্রমণ
_9244525
651 _aChina
_xDescription and travel.
_9244526
942 _2ddc
_cBK
999 _c55167
_d55167